Управа землі в Канаді і Зєд. Державах після найновішої системи і досьвіду – все про добре фармерство (Запис № 580701)

МАРК-запис
000 -Лідер
fixed length control field 00950 a2200205 4500
003 - Ідентифікатор контрольного номера
control field UA-OsUOA
005 - Дата та час останнього входження (трансакції)
control field 20260514121359.0
008 - Елементи даних фіксованої довжини – загальна інформація
fixed length control field 260514b un ||||| |||| 00| 0 ukr d
040 ## - Джерело каталогізації
Агенція оригінальної каталогізації UA-OsUOA
Мова каталогізації ukr
Агенція, яка здійснювала перезапис UA-OsUOA
Агенція, яка здійснювала модифікацію UA-OsUOA
041 ## - Код мови
Код мови тексту/ звукової доріжки чи окремого заголовка (П) ukr
080 ## - Індекс Універсальної десяткової класифікації
Індекс Універсальної десяткової класифікації (УДК) (НП) 09:631/635
090 ## - Локальний шифр розміщення
Класифікаційний індекс УДК 09:631/635
Авторський знак (НП) У67
245 ## - Відомості про назву
Назва (НП) Управа землі в Канаді і Зєд. Державах після найновішої системи і досьвіду – все про добре фармерство
Решта назви (НП) 3 72 образками
Дані про відповідальність (НП) зладив після найкрасших і найновіших анґлійських підручників М. М. Б.
260 ## - Публікація, розповсюдження і т.п. (Вихідні дані)
Ім’я/ наймення видавництва, розповсюджувача і т.п. (П) Ukrainska Knyharnia
Дата публікації, розповсюдження і т.п. (П) Б. р.
Місце публікації, розповсюдження і т.п. (П) Winnipeg
300 ## - Фізичний опис
Обсяг 128 с.
650 ## - Додаткове предметне введення – тематичний термін
Джерело заголовка чи терміна UDC
Тематичний термін чи географічна назва, як елемент введення (НП) 09 Рукописи. Раритети і рідкісні книги
9 (RLIN) 24621
942 ## - Додаткові елементи входу (Коха)
Тип елемента Koha Рідкісне/цінне видання
Source of classification or shelving scheme Universal Decimal Classification
955 ## - Код типу видання за змістом
Код типу видання за змістом (НП) Науково-популярні видання
Фонди
Стан вилучень Стан втрат Джерело класифікації або схеми стелажів Стан уражень Не для кредиту Постійне місце розташування Поточне розміщення Дата придбання Джерело придбання Вартість, звичайна ціна покупки Інвентарний номер Усього замовленно Повний номер виклику Штрих-код Дата останнього перегляду Вартість, ціна заміни Ціна ефективна від Тип елемента Koha Примітка, призначена для загального доступу
    Universal Decimal Classification     Наукова бібліотека ІДУД Наукова бібліотека ІДУД 14/05/2026 №16/13.05.2026 (ІДУД) 1.00 300905   09:631/635 У67 300905 14/05/2026 1.00 14/05/2026 Рідкісне/цінне видання Отримано в дар від Романа Єринюка